World Religions Made Easy: (Record no. 11023)

MARC details
000 -LEADER
fixed length control field 00655nam a2200241 a 4500
001 - CONTROL NUMBER
control field 0001-1023
003 - CONTROL NUMBER IDENTIFIER
control field ELIB.Books
008 - FIXED-LENGTH DATA ELEMENTS--GENERAL INFORMATION
fixed length control field 141030 2010 eng
020 ## - INTERNATIONAL STANDARD BOOK NUMBER
International Standard Book Number 1565631072
035 ## - SYSTEM CONTROL NUMBER
System control number (ELIB.Books)0001-1177
092 ## - LOCALLY ASSIGNED DEWEY CALL NUMBER (OCLC)
Classification number 291
Item number Wat
100 ## - MAIN ENTRY--PERSONAL NAME
Personal name Water, Mark
245 ## - TITLE STATEMENT
Title World Religions Made Easy:
Remainder of title An Easy to Understand Pocket Reference Guide
260 ## - PUBLICATION, DISTRIBUTION, ETC. (IMPRINT)
Place of publication, distribution, etc. Massachusetts
Name of publisher, distributor, etc. Hendrickson Publishers, Inc.
Date of publication, distribution, etc. 1999
300 ## - PHYSICAL DESCRIPTION
Extent 64
Dimensions 20.3 Cm
500 ## - GENERAL NOTE
General note Library
650 ## - SUBJECT ADDED ENTRY--TOPICAL TERM
Topical term or geographic name as entry element World Religion
856 ## - ELECTRONIC LOCATION AND ACCESS
Name of location of host KBTS; Library
Uniform Resource Identifier <a href="KBTS; Elib.">KBTS; Elib.</a>
942 ## - ADDED ENTRY ELEMENTS (KOHA)
Source of classification or shelving scheme Dewey Decimal Classification
Koha item type Books
990 ## - EQUIVALENCES OR CROSS-REFERENCES [LOCAL, CANADA]
Link information for 9XX fields 2
998 ## - LOCAL CONTROL INFORMATION (RLIN)
Cataloger's initials, CIN (RLIN) bat
-- 2014-10-30
Holdings
Withdrawn status Lost status Source of classification or shelving scheme Damaged status Not for loan Home library Current library Date acquired Total Checkouts Barcode Date last seen Bill Date Koha item type
    Dewey Decimal Classification     Karen Baptist Theological Seminary Library Karen Baptist Theological Seminary Library 30/10/2014   14149, 14150 22/01/2022 22/01/2022 Books
Implemented & Customized by: BestBookBuddies

Powered by Koha